Afrikan valtiot minuutissa - Statistics

Yleistilastot
  • Tätä visaa on pelattu 2 813 kertaa
  • Keskiarvotulos 27 / 54
Vastaukset kartalla
Vastauksille on annettu kartalla punavihreä väri sen mukaan, kuinka moni on saanut sen oikein.
 
Vastaustilastot
Valtio % Oikein
Egypti
91%
Algeria
85%
Marokko
85%
Libya
83%
Somalia
81%
Niger
79%
Kongon demokraattinen tasavalta
78%
Kongon tasavalta
78%
Nigeria
77%
Sudan
77%
Mali
76%
Tunisia
76%
Etiopia
74%
Kenia
72%
Tšad
71%
Angola
64%
Mauritania
62%
Tansania
60%
Togo
58%
Ghana
57%
Namibia
57%
Eritrea
56%
Etelä-Afrikka
55%
Benin
54%
Gambia
52%
Sambia
51%
Senegal
50%
Etelä-Sudan
48%
Madagaskar
48%
Guinea
46%
Uganda
44%
Gabon
43%
Liberia
42%
Kamerun
41%
Mosambik
41%
Ruanda
41%
Lesotho
39%
Malawi
39%
Botswana
38%
Djibouti
33%
Keski-Afrikan tasavalta
32%
Mauritius
29%
Burundi
27%
Zimbabwe
25%
Norsunluurannikko
24%
Guinea-Bissau
23%
Kap Verde
23%
Komorit
23%
Swazimaa
23%
Burkina Faso
22%
Sierra Leone
21%
São Tomé ja Príncipe
19%
Seychellit
15%
Päiväntasaajan Guinea
7%
Ehtoja vastaavia visoja ei löytynyt
Tulosjakauma
Jokaisen tuloksen saaneiden osuus
Persentiili vastausten määrän mukaan
Tuloshistoriasi
Et ole pelannut tätä visaa